00913nam a2200217Ia 4500003000900000008004100009020001800050040001600068080002400084100002000108245033900128260003400467300001700501490003700518650004100555650001900596650001300615650002400628650002100652700002200673IN-BaIIA211028s9999 xx 000 0 eng d a3-540-51297-7 cIIA Library a524.575(082.2)bTHE aWinnewisser, G. 4aThe physics and chemistry of interstellar molecular cloudsbproceedings of symposium on the physics and chemistry of interstellar molecular clouds, mm and sub-mm observations in astrophysics, held in Zermatt, Swizterland, Europe, 22-25, September 1988cG. Winnewisser and J. A . Armstrong  aBerlinbSpringer-Verlagc1989 axviii, 463p. aLecture notes in physics; v. 331 aAstronomy and astrophysics thesaurus aCosmochemistry aGalaxies aInterstellar clouds aMolecular clouds aArmstrong, J. A .